[Event "Brasil Copel Telecom SESC 2018"]
[Site "Caioba Matinhos"]
[Date "2018.08.01"]
[Round "1"]
[White "Di Berardino, Diego Rafael"]
[Black "Salvadego, Matheus Henrique De"]
[Result "1-0"]
[WhiteElo "2528"]
[BlackElo "1817"]
[Annotator "TA"]
[PlyCount "50"]
[EventDate "2018.08.01"]
[EventType "swiss"]
[EventCountry "BRA"]
[SourceTitle "playchess.com"]
[Source "ChessBase"]
[SourceQuality "1"]

{[%evp 12,50,8,5,45,47,56,30,41,0,0,-7,45,39,72,64,500,403,631,534,523,517,1342,1347,1228,1197,1304,1289,1199,714,1068,723,709,703,891,873,1333,1233,29989,29990,29998]} 1. Nf3 e6 2. c4 Nf6 3. g3 Be7 4. Bg2 O-O 5. O-O d5 6. b3 d4 7. e3 {LiveBook: 120 Games} dxe3 {A14: English Opening: 1...e6 with b3 by White} (7... c5 8. Bb2 Nc6 9. exd4 cxd4 10. Re1 Re8 11. d3 Bf8 12. Ne5 Nxe5 13. Rxe5 Bd6 14. Bxd4 Bc7 15. Bb2 Bxe5 16. Bxe5 Nd7 17. Bb2 e5 18. Na3 Nb8 19. c5 {1-0 (52) Oparin,G (2587)-Paravyan,D (2634) Yaroslavl 2018}) 8. fxe3 c5 9. Bb2 Nc6 {White has an edge.} 10. a3 $146 ({Predecessor:} 10. Ne5 Nxe5 11. Bxe5 Nd7 12. Bc3 Bf6 13. d4 cxd4 14. exd4 Rb8 15. Nd2 {1-0 (49) Czech,L (2004)-Liebske,E (1617) Frankfurt 2006}) 10... Qb6 11. Qc2 Rd8 (11... Ng4 $11) 12. Nc3 Na5 13. Nb5 $36 {[%mdl 2048] [#] Threatens to win with Ng5. White has some pressure.} a6 $2 {[%mdl 8192]} ({Better is} 13... Ne8 $14) 14. Ng5 $18 Kf8 (14... e5 $142 15. Bxe5 (15. Rxf6 Bxf6 16. Qxh7+ Kf8 $15) 15... axb5) 15. Nxh7+ Ke8 16. Bxf6 ({Weaker is} 16. Nxf6+ gxf6 17. b4 (17. Bxf6 axb5 18. Qh7 Qd6 $16) 17... Rxd2 $18) 16... gxf6 (16... axb5 $142 17. Bxg7 f5) 17. Nxf6+ Bxf6 18. Rxf6 {White wants to mate with Qh7.} axb5 19. Qh7 {[%csl Gf6][%cal Rh7f7]} Rd7 20. Qh8+ Ke7 {[#]} 21. Rxf7+ $1 {[%mdl 512]} Kd6 (21... Kxf7 22. Rf1+) 22. Rxd7+ Kxd7 23. Qg7+ Kd6 24. d4 {Intending dxc5+ and mate.} ({Less strong is} 24. Qf8+ Kc7 $16) 24... Nxb3 25. dxc5+ Kxc5 {Precision: White = 69%, Black = 21%.} 1-0

[Event "Brasil Copel Telecom SESC 2018"]
[Site "Caioba Matinhos"]
[Date "2018.08.01"]
[Round "1"]
[White "Cubas, Jose Fernando"]
[Black "Serafim Junior, Arnor"]
[Result "1-0"]
[WhiteElo "2489"]
[BlackElo "1813"]
[Annotator "TA"]
[PlyCount "84"]
[EventDate "2018.08.01"]
[EventType "swiss"]
[EventCountry "BRA"]
[SourceTitle "playchess.com"]
[Source "ChessBase"]
[SourceQuality "1"]

{[%evp 29,84,31,33,26,30,36,34,34,29,21,31,0,21,0,0,0,0,0,22,-2,11,-19,51,45,50,48,114,106,108,114,99,83,164,58,62,62,61,58,62,62,60,53,52,56,129,81,100,91,204,210,1933,1930,1585,1578,1341,1318,1318]} 1. e4 c5 2. Nf3 Nc6 3. d4 cxd4 4. Nxd4 g6 5. Nc3 Bg7 6. Be3 Nf6 7. Bc4 Qa5 8. O-O O-O 9. Bb3 d6 10. h3 Bd7 11. Re1 Rac8 12. Qe2 Rfe8 {B35: Sizilianisch (Beschleunigtes Fianchetto)} 13. Rad1 Nxd4 14. Bxd4 Bc6 15. Qe3 (15. Nd5 Nd7 16. Bxg7 Kxg7 17. Qe3 Nc5 18. Qd4+ e5 19. Qe3 Nxb3 20. axb3 Bxd5 21. Rxd5 {1-0 (72) Gashimov,V (2758)-Carlsen,M (2801) Moscow 2009}) 15... Nd7 {[#] LiveBook: 5 Partien} 16. Qf3 $146 ({Vorgänger:} 16. Qf4 Rf8 17. Bxg7 Kxg7 18. Nd5 Rce8 19. h4 h5 20. c3 Ne5 21. Ne3 Qc5 22. Nf5+ gxf5 23. Qg5+ Kh7 24. Qxh5+ Kg7 25. Qg5+ Kh7 26. Qh5+ Kg7 27. Qg5+ Kh7 {½-½ (27) Charbonneau,P (2505)-Perelshteyn,E (2543) Ledyard 2009}) 16... Rf8 17. Bxg7 Kxg7 18. Nd5 Ne5 19. Qe3 {Droht stark f4.} Rfe8 20. f4 Nd7 $1 21. Kh2 Qc5 22. Qg3 e6 23. Nc3 Nf6 24. Qh4 Qh5 25. Qg3 {[#]} d5 (25... Bxe4 $1 $11 {[%mdl 512]} 26. Rxd6 (26. Nxe4 Nxe4) 26... Qc5) 26. e5 $14 Nd7 27. Qf2 a5 ({Besser ist} 27... g5 $14) 28. g4 $16 {[%cal Bg2g4,Bg4g5][%mdl 32]} Qh6 {[#]} 29. g5 $1 {[%cal Rg5h6]} Qh5 {[#]} 30. Ne2 $1 {[%cal Re2g3] Und weiter mit Sg3 wäre nett.} Nxe5 (30... Kg8 $16) 31. Qd4 (31. fxe5 $18 Qxg5 32. Nc3) 31... a4 $1 $14 32. Qxe5+ Kg8 33. Nd4 axb3 34. axb3 h6 35. Rf1 hxg5 36. fxg5 Qh4 ({Lieber} 36... f5 $14) 37. Rf4 $40 {[%mdl 128] Weiss greift entschieden an.} Qh8 38. Rf6 Re7 (38... Qh4 $16) 39. Rdf1 $18 Be8 $2 {[#]} (39... Qh7 40. Kg3 Bd7) 40. Rxg6+ $1 {[%mdl 512] Weiß steht klar auf Gewinn.} fxg6 {[#]} 41. Rf8+ $1 {[%mdl 512]} Kxf8 42. Qxh8+ Kf7 {Precision: Weiß = 68%, Schwarz = 34%.} 1-0

[Event "Brasil Copel Telecom SESC 2018"]
[Site "Caioba Matinhos"]
[Date "2018.08.01"]
[Round "1"]
[White "Boabaid, Jorge Alberto Duard"]
[Black "Supi, Luis Paulo"]
[Result "0-1"]
[WhiteElo "1819"]
[BlackElo "2565"]
[Annotator "TA"]
[PlyCount "60"]
[EventDate "2018.08.01"]
[EventType "swiss"]
[EventCountry "BRA"]
[SourceTitle "playchess.com"]
[Source "ChessBase"]
[SourceQuality "1"]

{[%evp 17,60,7,0,-30,-32,-68,-73,-75,-61,-60,-54,-92,-88,-148,-138,-365,-361,-393,-389,-390,-388,-367,-300,-295,-307,-291,-245,-297,-297,-344,-318,-374,-357,-373,-377,-533,-531,-531,-515,-625,-512,-752,-756,-745,-745]} 1. e4 c5 2. Nf3 e6 3. d4 cxd4 4. Nxd4 a6 5. Nc3 Qc7 6. f4 b5 7. Bd3 Bb7 {B43: Sicilian: Kan Variation: 5 Nc3} 8. Be3 Nc6 9. Nxc6 (9. Nb3 d6 10. Qf3 Nf6 11. O-O Be7 12. Rae1 Rc8 13. Qh3 h5 14. Kh1 Nb4 15. a3 Nxd3 16. cxd3 Ng4 17. Nd4 Nxe3 18. Rxe3 Qb6 19. Nde2 Kd8 20. Rg3 {½-½ (33) Andriasian,Z (2602)-Kryvoruchko,Y (2691) Gjakova 2016}) 9... Qxc6 {LiveBook: 19 Games. The position is equal.} 10. Ne2 Nf6 11. Ng3 h5 12. h4 Bc5 $146 ({Predecessor:} 12... Ng4 13. Bg1 g6 14. Qf3 Bg7 15. O-O-O O-O 16. Kb1 {0-1 (23) Ledger,D (2224)-Antoli Royo,J (2429) Gallipoli 2014}) 13. Qe2 Ng4 14. Bxc5 Qxc5 15. f5 (15. Rf1 $142) 15... g6 $36 {[%mdl 2048] Black has strong initiative.} 16. Rf1 $2 {[#]} (16. fxg6 $17 fxg6 17. O-O-O) 16... Qe5 $1 $19 {[%csl LRb2,LRg3]} 17. Qf3 Qxb2 18. Ke2 gxf5 19. Qf4 Qe5 20. Qxe5 Nxe5 21. exf5 Bxg2 22. Rf2 Bc6 23. fxe6 fxe6 24. Be4 d5 25. Bd3 Ke7 26. Raf1 (26. Kd2 $142) 26... Rag8 {Black is clearly winning.} 27. Nh1 Rg4 28. Rf4 Rhg8 29. Ke3 Rxf4 30. Rxf4 {[#]} d4+ $1 {Precision: White = 28%, Black = 89%.} 0-1

[Event "Brasil Copel Telecom SESC 2018"]
[Site "Caioba Matinhos"]
[Date "2018.08.01"]
[Round "1"]
[White "Habitzreiter, Cristiane"]
[Black "Matsuura, Everaldo"]
[Result "0-1"]
[WhiteElo "1815"]
[BlackElo "2497"]
[Annotator "TA"]
[PlyCount "61"]
[EventDate "2018.08.01"]
[EventType "swiss"]
[EventCountry "BRA"]
[SourceTitle "playchess.com"]
[Source "ChessBase"]
[SourceQuality "1"]

{[%evp 11,61,-27,-22,-45,-45,-50,-50,-76,-62,-56,-16,-15,-11,-12,-24,-13,-12,-148,-136,-153,-151,-139,-146,-139,-120,-451,-470,-456,-450,-471,-466,-485,-466,-505,-453,-416,-412,-549,-549,-525,-525,-635,-631,-800,-679,-1167,-1084,-29985,-29981,-29988,-29987,-29998]} 1. b3 d5 2. Bb2 c5 3. e3 a6 {[%cal Ba7a6,Ba6a5][%mdl 32]} 4. Nf3 Nc6 5. c4 (5. g3 Nf6 6. Bg2 g6 7. Ne5 Nxe5 8. Bxe5 Bg7 9. Nc3 O-O 10. Bxf6 Bxf6 11. Bxd5 Ra7 12. Bg2 b5 {½-½ (44) Rakhmanov,A (2627)-Inarkiev,E (2684) Yaroslavl 2018}) 5... d4 6. exd4 {A06: Zukertort-Eröffnung} cxd4 {LiveBook: 5 Partien} 7. d3 e5 8. a3 {Schwarz steht etwas besser.} a5 9. Nbd2 Nf6 10. Qe2 Be7 $146 ({Vorgänger:} 10... Bg4 11. h3 Bxf3 12. Qxf3 Qb6 {½-½ (25) Bulavin,A (2201)-Timerkhanov,A (1961) Kirov 2014}) 11. Nxe5 O-O 12. Nxc6 $1 bxc6 13. Qd1 $1 Bg4 $36 {[%mdl 2048] Schwarz steht aktiver.} 14. Nf3 (14. Be2 $11 Bxe2 15. Kxe2 (15. Qxe2 Re8 $17)) 14... Re8 $17 {[%csl Ga5][%cal Re7b4]} 15. Be2 {[#]} Bxf3 $1 16. gxf3 Nh5 {Und ...Sf4 würde nun gewinnen.} 17. Bc1 Bg5 {[%mdl 1024] Schwarz hat starke Kompensation.} 18. Rg1 $2 {[%mdl 8192]} (18. f4 $17 Nxf4 19. Bxf4 Bxf4 20. Kf1) 18... Bf4 $19 19. Rg4 Qf6 20. Ra2 Re6 ({Bloß nicht} 20... Bxc1 21. Qxc1 Qxf3 22. Re4 $19) 21. Kf1 Rae8 22. h4 h6 {[%cal Bh7h6,Bh6g5,Bg5f4][%mdl 32]} 23. b4 g5 24. b5 cxb5 25. cxb5 Kh7 26. hxg5 hxg5 27. a4 Bxc1 28. Qxc1 Nf4 {[#] Und weiter mit ...Dh6 wäre nett.} 29. Rxf4 gxf4 30. Qc5 Qh4 {[%cal Rh4h1]} 31. Ke1 {Precision: Weiß = 29%, Schwarz = 83%.} 0-1

[Event "Brasil Copel Telecom SESC 2018"]
[Site "Caioba Matinhos"]
[Date "2018.08.01"]
[Round "2"]
[White "Supi, Luis Paulo"]
[Black "Luz, Arthur Nader"]
[Result "1-0"]
[WhiteElo "2565"]
[BlackElo "2140"]
[Annotator "TA"]
[PlyCount "79"]
[EventDate "2018.08.01"]
[EventType "swiss"]
[EventCountry "BRA"]
[SourceTitle "playchess.com"]
[Source "ChessBase"]
[SourceQuality "1"]

{[%evp 16,79,40,15,44,12,45,35,31,39,42,26,29,33,20,11,10,0,47,9,14,9,17,0,24,0,47,19,40,29,77,48,107,45,108,75,114,47,59,0,102,44,83,0,206,206,495,437,643,663,1006,957,844,725,1128,1064,1022,1011,985,983,29991,29992,29993,29994,29998,29999]} 1. c4 Nf6 2. g3 g6 3. Bg2 Bg7 4. Nc3 O-O 5. e4 d6 6. Nge2 e5 7. O-O Nc6 8. d3 a6 9. h3 {LiveBook: 23 Games} Be6 {A26: English Opening vs King's Indian with ...Nc6 and d3} (9... Nd7 10. f4 b5 11. f5 Nd4 12. Be3 c6 13. Qd2 Rb8 14. g4 Qb6 15. g5 f6 16. cxb5 axb5 17. h4 {½-½ (57) Petrosian,T (2611)-Amonatov,F (2602) Tashkent 2016}) 10. Be3 Rb8 11. Qd2 Qd7 {White is slightly better.} 12. Kh2 b5 13. Nd5 Ne8 14. b3 Nd4 $146 ({Predecessor:} 14... Nd8 15. Rad1 c6 16. Ndc3 b4 17. Na4 c5 {½-½ (32) Petrienko,V (2450)-Voloshin,L (2390) Frydek Mistek 1994}) 15. Nxd4 exd4 16. Bh6 c5 17. Bxg7 Kxg7 18. Nf4 Nf6 19. Ne2 Ng8 20. g4 Ne7 21. Ng3 f6 22. f4 Bf7 23. Rae1 (23. e5 $5 f5 24. Rae1 $14) 23... Rbe8 (23... Bg8 $14) 24. Rf2 (24. e5 $16 {And now exf6+ would win.} f5 25. Qe2) 24... Nc6 (24... bxc4 $14 25. bxc4 Qc7) 25. Ref1 Bg8 {[#]} 26. Qd1 ({Better is} 26. e5 $1 $16 {[%mdl 512]}) 26... Be6 27. Qd2 Bg8 $1 {[#]} 28. Bf3 (28. e5 $1 $16 {[%mdl 512]}) 28... Be6 29. Bd1 (29. f5 $16 Bf7 30. fxg6 Bxg6 31. Be2) 29... Qc8 $2 (29... Qd8 $11) 30. f5 $18 gxf5 $2 (30... Bf7) 31. Nh5+ Kh8 (31... Kf7 $142 32. gxf5 Bd7) 32. gxf5 {[%cal Bg4f5,Bf5f6][%mdl 32]} Bg8 33. Qh6 {[%csl Gh5][%cal Rh6g7]} Qc7 34. Nxf6 Rd8 35. Rg1 Qe7 36. Nh5 ({Not} 36. Rxg8+ Rxg8 37. Nxg8 Rxg8 $16) 36... Rf7 37. f6 Qe5+ 38. Kh1 {White mates.} Rdf8 39. Rf5 Qe6 {[#]} 40. Qg7+ $1 {[%mdl 512] Precision: White = 47%, Black = 22%.} 1-0

[Event "Brasil Copel Telecom SESC 2018"]
[Site "Caioba Matinhos"]
[Date "2018.08.01"]
[Round "2"]
[White "Matsuura, Everaldo"]
[Black "Trevisan, Rodrigo"]
[Result "1-0"]
[WhiteElo "2497"]
[BlackElo "2124"]
[Annotator "TA"]
[PlyCount "85"]
[EventDate "2018.08.01"]
[EventType "swiss"]
[EventCountry "BRA"]
[SourceTitle "playchess.com"]
[Source "ChessBase"]
[SourceQuality "1"]

{[%evp 14,85,34,0,106,41,114,118,108,109,131,60,78,85,73,81,145,134,133,124,130,127,183,182,175,87,95,107,153,170,159,160,167,161,162,152,148,158,152,152,153,108,109,103,111,96,88,100,329,309,363,352,383,383,564,550,526,475,898,895,916,891,861,800,991,959,910,894,1426,1376,1512,1159,6091,2437]} 1. c4 c5 2. Nc3 Nf6 3. Nf3 d5 4. cxd5 Nxd5 5. g3 Nc6 6. Bg2 g6 7. O-O Nc7 8. d3 {LiveBook: 44 Games. A34: Symmetrical English: 2 Nc3, lines with ...d5} Bd7 $146 (8... Bg7 $11 {remains equal.}) ({Predecessor:} 8... Bg7 9. Be3 b6 10. Ng5 Bd7 11. Qa4 Na5 12. Qf4 f6 13. Nd5 Rc8 14. Nxc7+ Qxc7 15. Qxc7 Rxc7 16. Ne4 f5 17. Nc3 Bc6 {½-½ (54) Blomqvist,E (2492)-Timman,J (2615) Malmo 2014}) 9. d4 (9. Be3 $16) 9... Bg7 (9... cxd4 $14 10. Nxd4 Bg7 11. Nxc6 Bxc6) 10. dxc5 $16 {White is better.} Ne6 11. Be3 Qa5 12. Rc1 ({White should try} 12. Nd5 $16) 12... Rd8 $14 13. a3 $36 {[%mdl 2048] Black is under strong pressure.} O-O 14. Qc2 Ned4 (14... Nc7 $142) 15. Nxd4 Nxd4 16. Bxd4 Bxd4 17. Nd5 {Black must now prevent Rfd1.} Rfe8 (17... e6 $16) 18. Rfd1 $18 Bg7 19. Qd2 (19. b4 $18 {has better winning chances.} Qa4 20. Nxe7+ Kf8 21. Qxa4 (21. Bxb7 Qxc2 22. Rxc2 Kxe7 $17) 21... Bxa4 22. Rxd8 Rxd8 23. Nd5) 19... Qxd2 $16 20. Rxd2 e6 21. Nc7 Bc6 22. Bxc6 bxc6 23. Rcd1 ({But not} 23. Nxe8 $6 Rxd2 24. Nxg7 Kxg7 $16) 23... Rxd2 24. Rxd2 $18 {[%mdl 4096] Endgame KRB-KRN} Rb8 {[#]} 25. b4 $1 a5 26. bxa5 Bc3 27. a6 Bxd2 28. a7 Rc8 29. a8=Q Rxa8 30. Nxa8 $16 {KB-KN} Bc1 $2 (30... Bc3 $16 {keeps fighting.}) 31. a4 $18 {[%cal Ba3a4,Ba4a5][%mdl 32]} Ba3 {[#]} 32. Nb6 $1 Bxc5 33. a5 f6 (33... Kg7 {is a better defense.} 34. Nd7 Ba7) 34. Nd7 {White is clearly winning.} Ba7 35. Nxf6+ Kf7 (35... Kg7 $142) 36. Nxh7 Ke7 37. Kf1 Kd6 38. e3 c5 39. Ke2 c4 40. Kd2 Ke5 41. Kc3 Ke4 42. Ng5+ Kf5 43. h4 {Precision: White = 68%, Black = 40%.} 1-0

[Event "Brasil Copel Telecom SESC 2018"]
[Site "Caioba Matinhos"]
[Date "2018.08.01"]
[Round "2"]
[White "Sunye Neto, Jaime"]
[Black "Labussiere, Victor"]
[Result "1-0"]
[WhiteElo "2488"]
[BlackElo "2087"]
[Annotator "TA"]
[PlyCount "73"]
[EventDate "2018.08.01"]
[EventType "swiss"]
[EventCountry "BRA"]
[SourceTitle "playchess.com"]
[Source "ChessBase"]
[SourceQuality "1"]

{[%evp 18,73,53,51,50,51,84,93,92,93,87,90,106,68,69,53,120,102,98,70,67,72,91,85,82,55,66,37,81,31,75,24,64,27,33,31,35,32,39,18,13,0,40,0,0,-72,-61,-83,138,117,146,94,490,488,553,548,1353,665]} 1. Nf3 Nf6 2. c4 g6 3. Nc3 Bg7 4. g3 O-O 5. Bg2 d6 6. O-O c5 7. d4 Nc6 8. e3 Bf5 9. b3 {E65: King's Indian: Fianchetto: 6...c5 7 0-0 without d5 by White} Qc8 10. Bb2 {LiveBook: 3 Games} Bg4 11. Qd2 {White is slightly better.} Rb8 (11... Rd8 12. d5 Nb8 13. e4 Na6 14. Rfe1 Bxf3 15. Bxf3 Nc7 16. Bg2 Rb8 17. f4 {0-1 (38) Kunin,V (2574)-Noe,C (2487) Neustadt an der Weinstrasse 2018}) 12. d5 $146 ({Predecessor:} 12. Nd5 Ne4 13. Qc1 Bh3 {½-½ (13) Szollosi,L-Dely,P Budapest 1962}) 12... Na5 13. e4 a6 14. Nd1 Qc7 15. e5 Ne8 $1 {[%cal Rd6e5]} 16. exd6 Nxd6 ({Black should try} 16... exd6 $14 17. Bxg7 Nxg7) 17. Bxg7 $16 Kxg7 18. Ne3 Bxf3 $1 19. Bxf3 b5 20. cxb5 axb5 21. Rfc1 Nab7 {[%cal Ba5b7,Bb7d8,Bd8f7][%mdl 32]} 22. b4 {[#] aiming for bxc5.} c4 23. Qd4+ Kg8 24. h4 (24. a4 $16) 24... Nd8 25. h5 f6 26. hxg6 hxg6 27. a4 $40 {[%mdl 128] White mounts an attack.} bxa4 28. Rxa4 {[%cal Re3c4]} N8f7 $1 29. Be2 Qd7 30. Qa1 Ne5 31. Kg2 (31. Nxc4 $11 {remains equal.} Ndxc4 32. Bxc4) 31... Kg7 32. f4 {[%cal Bf2f4,Bf4e5,Be5f6][%mdl 32]} Rh8 $2 {[#]} (32... Nd3 $17 {stays on course.} 33. Ra7 Rb7 34. Rxb7 Qxb7 35. Bxd3 cxd3) 33. fxe5 Qh3+ 34. Kf3 Qh5+ $2 {[%mdl 8192]} (34... Nf5 $16 35. Rg1 Rbf8) 35. Ng4 $18 {White is clearly winning.} Qf5+ 36. Kg2 Ne4 37. exf6+ {Precision: White = 35%, Black = 36%.} 1-0

[Event "Brasil Copel Telecom SESC 2018"]
[Site "Caioba Matinhos"]
[Date "2018.08.01"]
[Round "2"]
[White "Filgueiras, Nathan Felipe"]
[Black "Granda Zuniga, Julio E"]
[Result "1/2-1/2"]
[WhiteElo "2140"]
[BlackElo "2631"]
[Annotator "TA"]
[PlyCount "108"]
[EventDate "2018.08.01"]
[EventType "swiss"]
[EventCountry "BRA"]
[SourceTitle "playchess.com"]
[Source "ChessBase"]
[SourceQuality "1"]

{[%evp 19,108,67,78,16,17,15,52,62,27,33,39,42,48,0,0,0,13,0,0,0,2,0,0,-8,-8,-8,-8,-8,-4,-17,-9,-14,-11,-27,-23,-51,0,-16,0,0,0,0,0,0,8,8,8,8,8,8,8,0,83,83,83,83,29988,83,83,0,0,0,0,0,0,0,0,0,0,0,0,0,0,0,0,0,0,0,0,0,0,0,0,0,0,0,0,0,3,3,28]} 1. e4 g6 2. d4 Bg7 3. Nc3 d6 4. Be3 Nf6 5. f3 O-O 6. Qd2 e5 7. O-O-O Nc6 8. Nge2 exd4 9. Nxd4 Nxd4 10. Bxd4 Be6 {LiveBook: 121 Games} 11. Nd5 {C41: Philidor Defence} ({White should play} 11. g4 $16) (11. g4 a6 12. h4 c5 13. Be3 Qa5 14. Kb1 Rfd8 15. g5 Nh5 16. Nd5 Qxd2 17. Rxd2 Bxd5 18. Rxd5 Be5 19. a4 Kg7 20. Bc4 {½-½ (58) Potapov,P (2479)-Pridorozhni,A (2571) Khanty-Mansiysk 2017}) 11... Bxd5 12. exd5 Nd7 13. Bxg7 {White is slightly better.} Kxg7 14. h4 Qf6 $146 ({Predecessor:} 14... h6 15. g4 Rh8 16. Qc3+ Qf6 17. Qxc7 Nc5 18. Be2 b6 {0-1 (32) Ostergaard,D (2345)-Hoi,C (2365) Gausdal 1987}) 15. h5 Kg8 16. hxg6 fxg6 17. Bd3 Qf4 (17... a6 {keeps more tension.} 18. c4 Rae8 19. Rde1 Qd4 20. Kc2 Rxe1 21. Rxe1 Ne5) 18. Qxf4 (18. Rde1 {with more complications.} Ne5 19. Re4 Nxd3+ 20. cxd3 Qf5 21. Qh6) 18... Rxf4 19. Rde1 Ne5 20. Be4 Rf7 21. g3 Nxf3 22. Bxf3 Rxf3 $11 {[%mdl 4096] Endgame KRR-KRR} 23. Re7 $1 {[%csl LRc7,LRh7]} h5 24. Rxc7 Rf7 25. Rxf7 Kxf7 {KR-KR} 26. Rf1+ Kg7 27. Re1 Rf8 (27... Rh8 $15) 28. Re6 Rf3 29. Rxd6 Rxg3 30. Rd7+ Kf6 31. Rxb7 Ke5 32. Rxa7 {With the idea c4.} h4 33. Rh7 g5 34. a4 {[%cal Ba2a4,Ba4a5,Ba5a6,Ba6a7][%mdl 32]} h3 35. a5 Kxd5 (35... Rg1+ $11 {remains equal.} 36. Kd2 g4) 36. a6 $16 g4 {[#]} 37. a7 $1 {[%cal Ra7a8]} Rg1+ 38. Kd2 Ra1 {And now ...Rxa7! would win.} 39. Rh4 (39. Ke3 $16) 39... Rxa7 $11 {Threatens to win with ...Ra1.The position is equal.} 40. Rxg4 {Black must now prevent Rh4.} Rh7 41. Rg1 Ke4 42. Ke2 h2 43. Rh1 Kf4 44. Kf2 Rc7 45. c3 Rb7 46. b4 Rc7 47. Rxh2 {[#] aiming for Rh4+.} Rxc3 48. Rh4+ Ke5 49. Ke2 Kd5 50. Kd2 Rg3 51. Rf4 Rh3 52. Kc2 Ra3 53. Kb2 Rh3 54. Rg4 Ke5 {Precision: White = 60%, Black = 76%.} 1/2-1/2

[Event "Brasil Copel Telecom SESC 2018"]
[Site "Caioba Matinhos"]
[Date "2018.08.01"]
[Round "2"]
[White "Carstens Dobuchak, Thiago"]
[Black "Di Berardino, Diego Rafael"]
[Result "0-1"]
[WhiteElo "2136"]
[BlackElo "2528"]
[Annotator "TA"]
[PlyCount "70"]
[EventDate "2018.08.01"]
[EventType "swiss"]
[EventCountry "BRA"]
[SourceTitle "playchess.com"]
[Source "ChessBase"]
[SourceQuality "1"]

{[%evp 17,70,46,58,-10,-1,-7,22,14,3,-14,-6,-151,-141,-164,-29,-39,-38,-34,-22,-162,-89,-217,-225,-508,-312,-408,-419,-539,-533,-575,-572,-554,-545,-856,-871,-871,-864,-875,-874,-869,-850,-804,-706,-698,-687,-655,-643,-677,-634,-759,-730,-892,-789,-929,-923]} 1. d4 Nf6 2. c4 g6 3. Nc3 Bg7 4. e4 O-O 5. Be3 d6 6. h3 e5 7. d5 a5 8. g4 {E71: King's Indian: 4 e4 d6 5 h3} Na6 9. Nge2 h5 {LiveBook: 8 Games} 10. gxh5 $146 (10. f3 $14) ({Predecessor:} 10. Ng3 h4 11. Nge2 Nh7 12. Qd2 Bf6 13. Bg2 Bg5 14. f4 exf4 15. Nxf4 Bd7 {½-½ (47) Rodshtein,M (2698)-Demchenko,A (2629) Minsk 2017}) 10... Nxh5 $11 11. Ng3 Nf4 12. h4 Nc5 13. f3 Bf6 14. h5 (14. Qd2 $11 {remains equal.}) 14... Bh4 $36 {[%mdl 2048] Black has strong initiative.} 15. Bf2 Bg5 ({Worse is} 15... gxh5 16. Nxh5 $1 {[%mdl 512]} Ng6 17. Qd2 $16) (15... Qg5 $19 16. Rg1 f5) 16. Qc2 Kg7 17. hxg6 fxg6 18. Nd1 (18. Bxc5 $11 dxc5 19. Qh2) 18... Rh8 ({Black should try} 18... b6 $19 19. Nc3 (19. Bxc5 bxc5 20. Ne3 Bh4 $19) 19... Bd7) 19. Rg1 (19. Bxc5 $17 Rxh1 20. Nxh1 dxc5 21. Qc3) 19... Rh2 $19 20. Ne3 $2 (20. Qc3) 20... Bh3 {aiming for ...Bxf1.} 21. O-O-O {[#]} Bxf1 $1 22. Rgxf1 Nh3 {Black is clearly winning.} 23. Qe2 Bf4 24. Nh1 Qg5 25. Rde1 Bxe3+ 26. Qxe3 Nd3+ 27. Kb1 Nxe1 (27... Ndxf2 $2 28. Qxg5 Nxg5 29. Rxf2 $19) 28. Qxg5 Nxg5 29. Bxe1 Nxf3 30. Rxf3 Rxh1 {KRR-KRB} 31. Re3 Rah8 32. Kc2 R8h2+ 33. Kb3 Rh3 34. Bg3 Kf7 35. Rf3+ Ke8 {Precision: White = 26%, Black = 61%.} 0-1

[Event "Brasil Copel Telecom SESC 2018"]
[Site "Caioba Matinhos"]
[Date "2018.08.01"]
[Round "2"]
[White "Calcado, Acyr Rogerio"]
[Black "Cubas, Jose Fernando"]
[Result "0-1"]
[WhiteElo "2090"]
[BlackElo "2489"]
[Annotator "TA"]
[PlyCount "80"]
[EventDate "2018.08.01"]
[EventType "swiss"]
[EventCountry "BRA"]
[SourceTitle "playchess.com"]
[Source "ChessBase"]
[SourceQuality "1"]

{[%evp 23,80,61,65,44,39,8,27,0,0,0,27,0,-12,0,0,-8,-13,-15,-6,-25,-15,-27,-21,-18,4,-14,-16,-20,-20,-28,-28,-20,-13,-13,-19,-24,-22,-34,-30,-59,-35,-70,-28,-47,-57,-84,0,0,0,-91,-81,-111,-103,-110,-116,-103,-123,-1073,-1042]} 1. e4 c5 2. Nf3 Nc6 3. d4 cxd4 4. Nxd4 e5 5. Nb5 {[%cal Bd4b5,Bb5a3,Ba3c4][%mdl 32]} d6 6. a4 Be6 7. N1c3 a6 8. Na3 Rc8 9. Bc4 Bxc4 {B32: Sicilian: Löwenthal and Kalashnikov Variations} (9... Nf6 10. Bg5 Be7 11. O-O O-O 12. Bxf6 Bxf6 13. Nd5 Bg5 14. c3 Kh8 15. Qe2 Ne7 16. Rfd1 Ng6 17. g3 Rc6 18. Nc2 f5 19. exf5 Bxf5 20. Bd3 Be6 21. Be4 {½-½ (21) Jurcik,M (2369)-Jakubiec,A (2528) Czechia 2015}) 10. Nxc4 Nd4 11. Ne3 Nf6 12. O-O Be7 {LiveBook: 3 Games} 13. Ncd5 Nxd5 14. exd5 {c3 is the strong threat.} Qd7 $1 15. c3 $146 ({Predecessor:} 15. f4 Nf5 16. Qg4 g6 17. fxe5 Nxe3 18. Qxd7+ Kxd7 19. Bxe3 dxe5 20. Rxf7 Rxc2 21. Raf1 Rc7 22. Bb6 Rc2 23. b4 Ke8 24. Bc5 {1-0 (24) Lagergren,H (1961)-Salminen,J ICCF email 2009}) 15... Nf5 {[%cal Bd4f5,Bf5h4,Bh4g6,Bg6e5,Be5c4][%mdl 32]} 16. Qd3 Nh4 17. f4 exf4 18. Rxf4 {Black should prevent Qd4.} O-O 19. Bd2 Ng6 20. Qf5 Qd8 21. Rb4 Rc7 22. Rf1 Ne5 23. Ng4 Nc4 24. Nh6+ gxh6 25. Qg4+ Bg5 26. Bxg5 hxg5 27. Rxc4 Rxc4 28. Qxc4 $11 {[%mdl 4096] Endgame KQR-KQR} Qb6+ 29. Kh1 Qxb2 30. h4 Qd2 31. hxg5 Qxg5 32. Re1 f5 {[%cal Bf7f5,Bf5f4][%mdl 32]} 33. Re6 f4 34. Qe4 Rf7 (34... Qh5+ $17 35. Kg1 f3) 35. Re8+ Kg7 36. Qd4+ (36. Re6 $11 {remains equal.}) 36... Rf6 $1 $17 37. Re6 {[#]} f3 $1 $36 {[%mdl 2560] Keeping White busy.} 38. gxf3 {[#]} Qh5+ $1 39. Kg1 Qxf3 40. Qh4 $2 {[%mdl 8192]} (40. c4 $17) 40... Qf1+ {Precision: White = 20%, Black = 73%.} 0-1